| 000 | 00470nam a22001817a 4500 | ||
|---|---|---|---|
| 003 | OSt | ||
| 005 | 20151028083107.0 | ||
| 008 | 121122t xxu||||| |||| 00| 0 eng d | ||
| 020 | _a9780590632683 | ||
| 050 |
_aPZ 8 _b.W835 1998 |
||
| 082 |
_aGS 823 _bW79 1998 |
||
| 245 |
_aThe wizard of oz : _bmovie storybook. / |
||
| 260 |
_aNew York : _bScholastic Inc, _cc1998. |
||
| 300 |
_a48 p. : _bcol. ill. ; _c28 cm. |
||
| 562 | _e1 | ||
| 942 |
_2lcc _cBK |
||
| 999 |
_c7967 _d7967 |
||